000 00427nam a22001697a 4500
005 20251108170635.0
008 250721s1985 xx 000 0 eng d
082 1 4 _af/faz
100 1 _afazil, iskander
245 1 0 _achik and his friends /
264 1 _amoscow :
_braduge publishers,
_c1985.
300 _a197p.
650 1 7 _aenglish fiction
700 1 _abutler, j.c.
_etranslated by
942 _2ddc
_cBK
999 _c45489
_d45489